| 000 | 00805nam a2200265Ia 4500 | ||
|---|---|---|---|
| 003 | OSt | ||
| 005 | 20221005092447.0 | ||
| 006 | a|||||r|||| 00| 0 | ||
| 007 | ta | ||
| 008 | 221004b |||||||| |||| 00| 0 eng d | ||
| 020 |
_a978415806060 (pbk) _c2093.65 |
||
| 024 | _a99403 | ||
| 037 |
_b1504, 30/12/2009, Channel Publications _cTextual |
||
| 040 |
_aCRL _cCRL _beng |
||
| 041 |
_2eng _aeng |
||
| 082 | _aT:2(P111), Q0 | ||
| 100 |
_aNation I.S.P. _9617360 |
||
| 245 | 0 | _aLanguage curriculum design | |
| 260 |
_aNew York _bRoutledge USA _c2010 |
||
| 300 |
_axvi,224p. _ccm. |
||
| 650 | _aEDUCATION | ||
| 700 |
_a Macalister John _9617361 |
||
| 942 |
_hT:2(P111), Q0 _cTEXL _2cc |
||
| 999 |
_c998891 _d998891 |
||